000 00473nam a2200193 a 4500
001 1768630936740
003 YourLibrary
005 20260117115421.0
008 260117s2003##################000#0#eng##
020 _a9780130488497
082 0 4 _a618.81
_bBOW
100 1 _aBowman, James Philip,
_eauthor.
245 1 0 _aStrokes :
260 _bPearson,
_c2003.
300 _a164 pages
650 0 _aMedical.
942 _cENGLISH
040 _aYourLibrary
_beng
_cYourLibrary
999 _c608465
_d608465